[Event "TUR-ch op"]
[Site "Antalya"]
[Date "2008.02.09"]
[Round "10.83"]
[White "Sahin, Fatma"]
[Black "Turgutalp, Suha"]
[Result "1/2-1/2"]
[WhiteElo "1232"]
[BlackElo "1480"]
[PlyCount "122"]
[EventDate "2008.02.04"]
[EventType "swiss"]
[EventRounds "11"]
[EventCountry "TUR"]
[SourceTitle "CBM 122 Extra"]
[Source "ChessBase"]
[SourceDate "2008.03.04"]
[SourceVersion "1"]
[SourceVersionDate "2008.03.04"]
[SourceQuality "1"]

1. e4 c5 2. Nf3 d6 3. d4 cxd4 4. Nxd4 Nf6 5. Nc3 a6 6. Be3 e6 7. f4 Be7 8. Qd2 b5 9. Bd3 b4 10. Nce2 Ng4 11. 0-0 Nxe3 12. Qxe3 Qb6 13. Qg3 g6 14. Kh1 Bb7 15. Rae1 Nd7 16. Nf3 Nc5 17. Neg1 Nxd3 18. cxd3 Qb5 19. d4 Bxe4 20. Ng5 Bf5 21. Qf3 d5 22. Rc1 h6 23. N5h3 Bh4 24. Nf2 Bf6 25. Rfd1 g5 26. Ne2 h5 27. fxg5 Bxg5 28. Rc5 Qd7 29. Nf4 h4 30. Rdc1 Bd8 31. Re1 Kf8 32. Nxd5 exd5 33. Rxd5 Qc6 34. Rxf5 Qxf3 35. Rxf3 Bb6 36. d5 Rd8 37. Rd1 Bxf2 38. Rxf2 Rd6 39. h3 Rh5 40. Rdf1 Rhxd5 41. Rxf7+ Kg8 42. R7f2 a5 43. b3 Kg7 44. Kh2 Kg6 45. Rf8 Kg7 46. R1f2 Rg6 47. R8f5 Rgd6 48. Rxd5 Rxd5 49. g3 hxg3+ 50. Kxg3 Kg6 51. Kg4 Rd4+ 52. Kg3 Kg5 53. Rf7 Rd3+ 54. Rf3 Rd4 55. Rf8 Rd3+ 56. Kg2 Rd2+ 57. Rf2 Rd3 58. Rf3 Rd2+ 59. Rf2 Rd3 60. Rc2 Rc3 61. Rf2 Rd3 1/2-1/2

[Event "TUR-ch op"]
[Site "Antalya"]
[Date "2008.02.04"]
[Round "2.77"]
[White "Yigitoglu, Abdullah"]
[Black "Sahin, Fatma"]
[Result "1-0"]
[WhiteElo "1688"]
[BlackElo "1232"]
[PlyCount "57"]
[EventDate "2008.02.04"]
[EventType "swiss"]
[EventRounds "11"]
[EventCountry "TUR"]
[SourceTitle "CBM 122 Extra"]
[Source "ChessBase"]
[SourceDate "2008.03.04"]
[SourceVersion "1"]
[SourceVersionDate "2008.03.04"]
[SourceQuality "1"]

1. d4 Nf6 2. Nf3 e6 3. Bf4 d5 4. e3 c6 5. Bd3 Bd6 6. Ne5 Qc7 7. Nd2 Nbd7 8. Ndf3 Nh5 9. Nxf7 Nxf4 10. Nxh8 Nxd3+ 11. Qxd3 Nf6 12. Ng5 e5 13. dxe5 Bxe5 14. c3 g6 15. Nxg6 Qg7 16. Nxh7 Qxh7 17. Nxe5 Bf5 18. Qd4 Qg7 19. Nxc6 bxc6 20. Qe5+ Kf7 21. Qxf5 Qxg2 22. 0-0-0 Rg8 23. Qf4 Ke7 24. Qe5+ Kf7 25. Qc7+ Kf8 26. Qxc6 Qxf2 27. Qc5+ Ke8 28. Rhf1 Qxh2 29. Qc6+ 1-0